Determinants of recent immigrants' locational choices

Uložené v:
Podrobná bibliografia
Hlavný autor: Zavodny, Madeline
Médium: Kniha
Jazyk:English
Vydavateľské údaje: Atlanta Federal Reserve Bank of Atlanta 1998
Edícia:Working paper series Working paper 98-3
Predmet:
Tagy: Pridať tag
Žiadne tagy, Buďte prvý, kto otaguje tento záznam!

MARC

LEADER 00000nam a2200000 4500
001 c101129
005 20221109071503.0
041 0 |a eng 
044 |a US 
245 1 0 |a Determinants of recent immigrants' locational choices  |c Madeline Zavodny 
264 1 |a Atlanta  |b Federal Reserve Bank of Atlanta  |c 1998 
300 |a 21 s. 
490 1 |a Working paper series  |v Working paper 98-3 
830 0 |a Working paper series  |v Working paper 98-3 
610 2 0 |a imigrácia 
610 2 0 |a cudzinci 
610 2 0 |a imigrácia 
610 2 0 |a populácia 
610 2 0 |a USA 
100 1 |a Zavodny, Madeline